000 00424nam a22001697a 4500
003 UA-OsUOA
001 6012
007 ta
008 20050721b un ||||| |||| 00| 0 ukr d
100 _aДрук
700 _aО. С.
942 _cBK
040 _aUA-OsUOA
_cUA-OsUOA
_dUA-OsUOA
245 _aЗміна значення слів у проц. запозич. з фр. мови ..
_bSA Paper
955 _a2
650 7 _2UDC
999 _c292174
_d292174